000 00495nam a2200205Ia 4500
003 OSt
005 20140319130346.0
008 140130s9999 xx 000 0 und d
050 _aHF 5381.2
_b.R53 1991
100 _aRice, Melanie
245 _cRice, Melanie
_aAll about things people do /
260 _bScholastic,
_c1991.
_aNew York :
300 _a45 p. :
_bill. ;
_c28 cm.
440 _v1
521 _aG4
526 _c630
942 _cBK
_2lcc
999 _c40807
_d40807